00533nam a22001697a 4500003000200000005001700002008004100019020002200060050002300082100001900105245005800124260003100182300003000213500003400243504005200277650003400329020230925120725.0230925b xxu||||| |||| 00| 0 eng d a978-0-85783-408-6 aPE 1460b.F63 2006 aFlavell, Linda aDictionary of idioms and their originscLinda Flavell aLondonbKyle Bookscc2006. avii, 216 pages ; c20cm.  aEnglish language—Etymology. aIncludes bibliographical references and index.  aEnglish language—Etymology.